000 00357 a2200169 4500
001 182169
020 _a978-85-01-91200-8
040 _cMagnum
100 _aSabino, Fernando
240 1 0 _aO encontro marcado
_lpor
245 1 0 _aO encontro marcado
300 _a365
362 0 _a2012
440 1 _aRecord
697 _aLITERATURA GERAL
942 _cBK
999 _c182169
_d182169